Chanteur des groupes de musiques 2.0 - Statistiques

Statistiques générales
  • Ce quiz a été pris 35 fois
  • Le résultat moyen est 19 sur 78
Statistiques - réponses
Groupe Chanteur % Correct
Nirvana Kurt Cobain
88%
Oasis Liam Gallagher
76%
U2 Bono
72%
The Doors Jim Morrison
68%
The Rolling Stones Mick Jagger
64%
Genesis Peter Gabriel / Phil Collins
64%
Muse Matt Bellamy
56%
Coldplay Chris Martin
52%
Blur Damon Albarn
52%
Foo Fighters Dave Grohl
52%
Led Zeppelin Robert Plant
52%
The Cure Robert Smith
52%
Radiohead Thom Yorke
52%
Linkin Park Chester Bennington / Mike Shinoda
48%
Black Sabbath Ozzy Osbourne / Ronnie James Dio
48%
Aerosmith Steven Tyler
48%
Arctic Monkeys Alex Turner
44%
Green Day Billie Joe Armstrong
44%
Pink Floyd Roger Waters / David Gilmour / Syd Barrett
44%
Dire Straits Mark Knopfler
40%
Megadeth Dave Mustaine
36%
The White Stripes Jack White
36%
Metallica James Hetfield
36%
Red Hot Chili Peppers Anthony Kiedis
32%
System of a Down Serj Tankian
32%
Slipknot Corey Taylor
28%
Pearl Jam Eddie Vedder
28%
The Ramones Joey Ramone
28%
Queens of the Stone Age Josh Homme
28%
The Strokes Julian Casablancas
28%
Iron Maiden Bruce Dickinson
24%
Soundgarden Chris Cornell
24%
Depeche Mode Dave Gahan
24%
AC/DC Bon Scott puis Brian Johnson
20%
Blondie Debby Harry
20%
Daft Punk Thomas Bangalter & Guy-Manuel de Homem-Christo
20%
Paramore Hayley Williams
16%
Joy Division Ian Curtis
16%
The Clash Joe Strummer
16%
Mumford & Sons Marcus Mumford
16%
Judas Priest Rob Halford
16%
The Who Roger Daltrey
16%
Rammstein Till Lindemann
16%
The Smashing Pumpkins Billy Corgan
12%
Disturbed David Draiman
12%
The Offspring Dexter Holland
12%
My Chemical Romance Gerard Way
12%
Europe Joey Tempest
12%
Korn Jonathan Davis
12%
Avenged Sevenfold M. Shadows
12%
Simple Plan Pierre Bouvier
12%
Weezer Rivers Cuomo
12%
Kiss Stanley & Simmons
12%
Franz Ferdinand Alex Krapanos
8%
New Order Bernard Sumner
8%
The Killers Brandon Flowers
8%
Sum 41 Deryck Whibley
8%
Deep Purple Ian Gillan / David Coverdale
8%
Sex Pistols Johnny Rotten
8%
Blink-182 Mark Hoppus / Tom DeLonge / Matt Skiba
8%
Fall Out Boy Patrick Stump
8%
Pantera Phil Anselmo
8%
Slayer Tom Araya
8%
Toto Bobby Kimball
4%
The Black Keys Dan Auerbach
4%
The Eagles Don Henley & Joe Walsh & Glenn Frey
4%
The Chemical Brothers Ed Simons & Tom Rowlands
4%
ABBA Fältskog & Lyngstad
4%
Supertramp Hodson & Davies
4%
Good Charlotte Joel Madden
4%
Bon Iver Justin Vernon
4%
Scorpions Klaus Meine
4%
4 Non Blondes Linda Parry
4%
Tool Maynard James Keenan
4%
Interpol Paul Banks
4%
Bauhaus Peter Murphy
4%
Poppys Petits Chanteurs d'Asnières
4%
The Lumineers Wesley Schultz
4%
Aucun quiz correspondant
Distribution des résultats
% des personnes avec chaque résultat
Percentile par nombre de réponses
Votre historique - résultats
Vous n’avez pas pris ce quiz